Prénoms commençant par la lettre "J" - Statistiques

Statistiques générales
  • Ce quiz a été pris 232 fois
  • Le résultat moyen est 8 sur 20
Statistiques - réponses
Indice Prénom % Correct
avec Roméo Juliette
89%
il sonnait les matines Jacques
75%
pierre verte Jade
73%
traître Judas
62%
La Fièvre du samedi soir et Grease. John
56%
il était charpentier Joseph
56%
marque de chaussure (Nike et Air) Jordan
55%
Alexis Moncorgé Jean
47%
Mazarin Jules
46%
joueuse de tennis belge Justine
43%
La cane de ---- Jeanne
38%
Nathalie Morin dans "Les bronzés" Josiane
35%
le taulier Johnny
34%
Fais-nous danser, ------ la Rousse Toi dont les baisers font oublier Julie
34%
chanteuse de "Il était une fois" Joëlle
27%
Paul-Alain Leclerc Julien
24%
le goéland Jonathan
21%
13e évêque de Lyon Just
7%
Les regrets (poème) Joachim
5%
se fête le 19 mars Josette
4%
Aucun quiz correspondant
Distribution des résultats
% des personnes avec chaque résultat
Percentile par nombre de réponses
Votre historique - résultats
Vous n’avez pas pris ce quiz